| 000 | 00486nam a2200181Ia 4500 | ||
|---|---|---|---|
| 008 | 230917s9999||||xx |||||||||||||| ||und|| | ||
| 020 | _cRS360 | ||
| 040 |
_e227912 _aMAIN |
||
| 041 | _aEnglish | ||
| 082 | _a346.022 K141C(14) | ||
| 100 | _aKapoor, S K | ||
| 245 | 0 | _aContract 1 along with specific relief act | |
| 250 | _a14th ed. | ||
| 260 |
_aAllahabad _bCentral Law Agency _c2015 |
||
| 300 | _a127 p. | ||
| 500 | _a2086 26/08/2015 KB15/115 11/09/2015 Main Budget | ||
| 942 | _cBK | ||
| 999 |
_c15675 _d15675 |
||